| 000 | 00455nam a22001577a 4500 | ||
|---|---|---|---|
| 020 | _a9789380026299 | ||
| 050 |
_aTP248.2 _b.B56 |
||
| 100 | _a Mishra, C. S. K | ||
| 245 | _aBiotechnology applications | ||
| 260 |
_aNew Delhi _bI.K International Publishing House Pvt. Ltd _c2009 |
||
| 300 | _a376p. | ||
| 500 | _aincludes index | ||
| 650 |
_bPharmaceutical biotechnology, Biotechnology _vbook _xhard cover |
||
| 700 | _a Champagne, Pascale | ||
| 942 | _cGEN | ||
| 999 |
_c562 _d562 |
||